• 首页
  • 本馆介绍
  • 公告通知
  • 最新文献
  • 馆藏检索
  • 电子资源
  • 读者导购
  • 参考咨询
  • 我的图书馆
  • 登录
  • 详细信息显示
  • 放入我的书架
  • 预约/预借图书
  • 作者相关作品
  • 分类相关作品
  • 丛书相关作品
  • 出版社相关作品

书目信息

  • 表格格式
  • 工作单格式
  • 卡片格式
题名:
张文宏教授解读新冠疫苗与疫情防控
    
 
作者: 张文宏 , 孙晓冬 主编
分册:  
出版信息: 上海   上海科学技术出版社  2021.06
页数: 105页
开本: 21cm
丛书名:
单 册:
中图分类: R512.93 , R186
科图分类:
主题词: 新型冠状病毒肺炎--xin xing guan zhuang bing du fei yan--疫苗--预防接种 , 新型冠状病毒肺炎--xin xing guan zhuang bing du fei yan--疫情管理--中国
电子资源:
ISBN: 978-7-5478-5326-9
000 01649nam0 2200289 450
001 CAL 0120217200315
005 20230217093111.0
010    @a978-7-5478-5326-9@dCNY20.00
100    @a20210802d2021 em y0chiy0120 ea
101 0  @achi
102    @aCN@b310000
105    @aa a 000yy
106    @ar
200 1  @a张文宏教授解读新冠疫苗与疫情防控@Azhang wen hong jiao shou jie du xin guan yi miao yu yi qing fang kong@f主编张文宏, 孙晓冬
210    @a上海@c上海科学技术出版社@d2021.06
215    @a105页@c彩图@d21cm
314    @a张文宏, 上海市新冠肺炎医疗救治专家组组长, 复旦大学附属华山医院感染科主任, 教授, 博士生导师, 教育部长江学者特聘教授。孙晓冬, 主任医师, 上海市疾病预防控制中心副主任, 复旦大学公共卫生学院流行病与卫生统计学博士。
320    @a有书目 (第103-105页)
330    @a本书由复旦大学附属华山医院感染科主任、上海市新冠肺炎医疗救治专家组组长张文宏教授担任主编。随着国内新冠疫情进入外防输入, 内防单点多发的新势态, 以及各国新冠疫苗的成功研发, 大众对疫苗接种存在普遍的困惑, 社会上的误读误解亦不时出现。本书以国家疫情防控策略为导向, 科学、客观地介绍新冠疫苗接种的意义、知识和疫情防控方法, 以问答的形式、简练的文字、通俗的表述, 突出疫苗接种、居家、外出、工作等全过程指导, 提供疫情常态化疫苗接种阶段的关键词查询和场景式健康管理, 以正本清源、凝聚共识。
606 0  @a新型冠状病毒肺炎@Axin xing guan zhuang bing du fei yan@x疫苗@x预防接种
606 0  @a新型冠状病毒肺炎@Axin xing guan zhuang bing du fei yan@x疫情管理@y中国
690    @aR512.93@v5
690    @aR186@v5
701  0 @a张文宏@Azhang wen hong@4主编
701  0 @a孙晓冬@Asun xiao dong@4主编
801  0 @aCN@bBJXHZP@c20230228
905    @b1398868-71@dR512.93@e153@f4
    
    张文宏教授解读新冠疫苗与疫情防控/主编张文宏, 孙晓冬.-上海:上海科学技术出版社,2021.06
    105页:彩图;21cm
    
    
    ISBN 978-7-5478-5326-9:CNY20.00
    本书由复旦大学附属华山医院感染科主任、上海市新冠肺炎医疗救治专家组组长张文宏教授担任主编。随着国内新冠疫情进入外防输入, 内防单点多发的新势态, 以及各国新冠疫苗的成功研发, 大众对疫苗接种存在普遍的困惑, 社会上的误读误解亦不时出现。本书以国家疫情防控策略为导向, 科学、客观地介绍新冠疫苗接种的意义、知识和疫情防控方法, 以问答的形式、简练的文字、通俗的表述, 突出疫苗接种、居家、外出、工作等全过程指导, 提供疫情常态化疫苗接种阶段的关键词查询和场景式健康管理, 以正本清源、凝聚共识。
●
相关链接 在E读中查询图书 在五车中查询图书 在当当中查询图书 在豆瓣中查询图书


正题名:张文宏教授解读新冠疫苗与疫情防控     索取号:R512.93/153         预约/预借

序号 登录号 条形码 馆藏地/架位号 状态 备注
1 1398868   213988684   第二样本阅览室/ [索取号:R512.93/153] 在馆    
2 1398869   213988693   第三借阅区/ [索取号:R512.93/153] 在馆    
3 1398870   213988700   第三借阅区/ [索取号:R512.93/153] 在馆    
4 1398871   213988719   第三借阅区/ [索取号:R512.93/153] 在馆    
唐山师范学院图书馆 欢迎您!
大连网信软件有限公司© 版权所有